Statistics for GOT7 all songs

Click here to take the quiz!

General Stats

  • This quiz has been taken 3 times
  • The average score is 82 of 202

Answer Stats

HintAnswer% Correct
Spinning top:
Between security
& insecurity
100%
<Present :
YOU> & ME
Edition
1:31AM
100%
GOT♡A
100%
FLIGHT LOG :
DEPARTURE
Beggin on
my knees
100%
BounceBounce
100%
<Present :
YOU> & ME
Edition
Come on
100%
MAD Winter
Edition
Confession
song
100%
Spinning top:
Between security
& insecurity
Eclipse
100%
7 for 7Firework
100%
FLIGHT LOG :
DEPARTURE
Fish
100%
FLIGHT LOG :
DEPARTURE
Fly
100%
FOCUSFocus on me
100%
GOT♡Forever Young
100%
Got it?Girls Girls Girls
100%
FLIGHT LOG :
TURBULENCE
Hard Carry
100%
FLIGHT LOG :
TURBULENCE
If
100%
MADIf you do
100%
I WON'T LET
YOU GO
I won't let
you go
100%
Just rightJust Right
100%
Eyes On YouLook
100%
LOVE LOOPLove loop
100%
Present : YOULullaby
100%
<Present :
YOU> & ME
Edition
Miracle
100%
MY SWAGGERMy swagger
100%
GOT7Nanana
100%
FLIGHT LOG :
ARRIVAL
Never Ever
100%
FLIGHT LOG :
TURBULENCE
No Jam
100%
FLIGHT LOG :
ARRIVAL
Paradise
100%
Got it?Playground
100%
FLIGHT LOG :
ARRIVAL
Q
100%
IdentifyShe's a
monster
100%
FLIGHT LOG :
ARRIVAL
Shopping Mall
100%
FLIGHT LOG :
ARRIVAL
Sign
100%
FLIGHT LOG :
TURBULENCE
skyway
100%
Breath of
Love : Last Piece
Special
100%
Eyes On YouThank you
100%
Call My NameThursday
100%
I WON'T LET
YOU GO
Zero
100%
Breath of
Love : Last Piece
1+1
50%
THE New Era2
50%
Follow meAngel
50%
AROUND
THE WORLD
Around the
world
50%
DYEAura
50%
Just rightbefore the full
moon rises
50%
Spinning top:
Between security
& insecurity
Believe
50%
FLIGHT LOG :
TURBULENCE
Boom x3
50%
Breath of
Love : Last Piece
Breath
50%
FLIGHT LOG :
DEPARTURE
Can't
50%
Verse 2Coming Home
50%
Call My NameCrash & Burn
50%
DYECrazy
50%
TURN UPDessert
50%
FLIGHT LOG :
ARRIVAL
Don't care
50%
GOT7Don't Care
About Me
50%
GOT7Don't Leave
Me Alone
50%
Verse 2Don't Wanna
Know
50%
GOT7Drive Me To
The Moon
50%
LOVE LOOPDrunk
50%
FOCUSDrunk on you
50%
Present : YOUEnough
50%
7 for 7Face
50%
Verse 2Fade Away
50%
Present : YOUFine
50%
Got it?Follow me
50%
DYEGod has return
+ Mañana
50%
DYEGravity
50%
Eyes On YouHesitate
50%
FLIGHT LOG :
TURBULENCE
HEY
50%
Hey YahHey Yah
50%
Present : YOUI Am Me
50%
Verse 2Icarus
50%
Got it?I like you
50%
<Present :
YOU> & ME
Edition
I Love It
50%
<Present :
YOU> & ME
Edition
King
50%
Breath of
Love : Last Piece
Last piece
50%
LAUGH
LAUGH LAUGH
Laugh laugh
laugh
50%
FLIGHT LOG :
TURBULENCE
Let Me
50%
TURN UPLion boy
50%
FOCUSLong black
50%
LOVE TRAINLove train
50%
Present : YOUMade It
50%
IdentifyMagnetic
50%
7 for 7Moon U
50%
FLIGHT LOG :
TURBULENCE
My Home
50%
Present : YOUMy Youth
50%
Present : YOUNobody Knows
50%
DYENot by the
moon
50%
Call My NameNow or Never
(ft. Jonas Blue)
50%
Present : YOUOMW
50%
Verse 2On&On
50%
Eyes On YouOne and
only you(ft.
Hyorin)
50%
FLIGHT LOG :
ARRIVAL
Out
50%
Spinning top:
Between security
& insecurity
Page
50%
Present : YOUParty
50%
<Present :
YOU> & ME
Edition
Phoenix
50%
DYEPoison
50%
Call My NamePray
50%
I WON'T LET
YOU GO
Reborn
50%
DYERide
50%
Call My NameRun away
50%
I WON'T LET
YOU GO
Seesaw
50%
FOCUSSenses
50%
LOVE LOOP
~Sing for U
Special Edition~
Sing for U
50%
IdentifyStay
50%
IdentifyStop stop it
50%
Present : YOUSunrise
50%
<Present :
YOU> & ME
Edition
Take Me To
You
50%
IdentifyTake my hand
50%
7 for 7Teenager
50%
Verse 2The day
50%
Spinning top:
Between security
& insecurity
The end
50%
THE New EraTHE New Era
50%
Eyes On YouThe Reason
50%
MADTic Tic Tok
50%
7 for 7To me
50%
Verse 2Tomorrow, today
50%
FOCUSTouch
50%
TURN UPTurn up
50%
IdentifyTurn up the
music
50%
GOT7Two
50%
Eyes On YouUs
50%
Breath of
Love : Last Piece
Waiting For
You
50%
Breath of
Love : Last Piece
Wave
50%
<Present :
YOU> & ME
Edition
WOLO
50%
7 for 7You Are
50%
Call My NameYou calling
my name
50%
I WON'T LET
YOU GO
25
0%
TURN UP97 young &
rich
0%
Hey YahAttention
0%
Just rightBack To Me
0%
GOT♡Bad behavior
0%
BounceBefore this
song ends(ft.
Suzy)
0%
LAUGH
LAUGH LAUGH
Be my girl
0%
Breath of
Love : Last Piece
Born Ready
0%
I WON'T LET
YOU GO
Cold
0%
Digital singleEncore
0%
MAD Winter
Edition
Everyday
0%
MADEyes on
0%
MADFeelin' good
0%
Verse 2Find You
0%
TURN UPFlash up
0%
<Present :
YOU> & ME
Edition
From now
0%
IdentifyGimme
0%
FLIGHT LOG :
ARRIVAL
Go Higher
0%
MADGOOD
0%
GOT♡Good Tonight
0%
Follow meGot ur Luv
0%
Got it?Hello
0%
<Present :
YOU> & ME
Edition
Higher
0%
THE New EraHmmmm
0%
FLIGHT LOG :
DEPARTURE
Home run
0%
BounceHooked
0%
<Present :
YOU> & ME
Edition
Hunger
0%
Hey YahIf i never let
you go
0%
Breath of
Love : Last Piece
I Mean It
0%
TURN UPIn this chest
0%
Follow meJibberish
0%
IdentifyJust tonight
0%
LOVE LOOPKarma
0%
Hey YahLet me know
0%
Got it?Like Oh
0%
FOCUSLove talk
0%
DYELove you
better
0%
FLIGHT LOG :
TURBULENCE
Mayday
0%
MY SWAGGERMeet me
0%
Just rightMine
0%
IdentifyMoonlight
0%
Just rightMy reaction
0%
I WON'T LET
YOU GO
Never ending
story
0%
Hey YahNever Stop
0%
Just rightNice
0%
Present : YOUNo One Else
0%
LOVE LOOPNotebook
0%
LOVE TRAINO.M.G
0%
Hey YahOver & Over
0%
FLIGHT LOG :
TURBULENCE
Prove It
0%
MADRaise your
hand
0%
7 for 7Remember
You
0%
LOVE LOOPRemember me
0%
FLIGHT LOG :
DEPARTURE
Rewind
0%
Present : YOUSave you
0%
FLIGHT LOG :
DEPARTURE
See the light
0%
Follow meShaking
the world
0%
THE New EraShining on you
0%
FLIGHT LOG :
TURBULENCE
Sick
0%
FOCUS
Japan Edition
Sigh
0%
AROUND
THE WORLD
So lucky
0%
FLIGHT LOG :
DEPARTURE
Something
Good
0%
LOVE LOOP#Summervibes
0%
LOVE LOOPSuperman
0%
Breath of
Love : Last Piece
Thank you,
sorry
0%
MAD Winter
Edition
The star
0%
<Present :
YOU> & ME
Edition
Think About It
0%
Spinning top:
Between security
& insecurity
Time out
0%
DYETrust my love
0%
GOT7Truth
0%
GOT♡U Got Me
0%
Breath of
Love : Last Piece
We Are Young
0%
FLIGHT LOG :
TURBULENCE
Who's That
0%
TURN UPWhy
0%
Follow meYo Moriagatte
Yo
0%
LOVE LOOPYour space
0%

Score Distribution

Percentile by Number Answered

Percent of People with Each Score

Your Score History

You have not taken this quiz